The rausing legacy: (Record no. 586347)

000 -LEADER
fixed length control field 00603nam a22001937a 4500
003 - CONTROL NUMBER IDENTIFIER
control field NUST
005 - DATE AND TIME OF LATEST TRANSACTION
control field 20210901145520.0
008 - FIXED-LENGTH DATA ELEMENTS--GENERAL INFORMATION
fixed length control field 210901b ||||| |||| 00| 0 eng d
038 ## - RECORD CONTENT LICENSOR
Staff Name Arshad
082 ## - DEWEY DECIMAL CLASSIFICATION NUMBER
Classification number 923.6
Author Mark RAU
245 ## - TITLE STATEMENT
Title The rausing legacy:
Remainder of title 6 decades of the rausing family in Pakistan /
Statement of responsibility, etc. Lahore University of Management Sciences
260 ## - PUBLICATION, DISTRIBUTION, ETC.
Place of publication, distribution, etc. Lahore:
Name of publisher, distributor, etc. Lahore University of Management Sciences,
Date of publication, distribution, etc. 2011
300 ## - PHYSICAL DESCRIPTION
Other physical details ill. 24cm
563 ## - BINDING INFORMATION
Binding note HBK
650 ## - SUBJECT ADDED ENTRY--TOPICAL TERM
Topical term or geographic name entry element Persons in social sciences.
9 (RLIN) 82021
650 ## - SUBJECT ADDED ENTRY--TOPICAL TERM
Topical term or geographic name entry element Social reformers
9 (RLIN) 82022
650 ## - SUBJECT ADDED ENTRY--TOPICAL TERM
Topical term or geographic name entry element Humanitarians.
9 (RLIN) 82023
942 ## - ADDED ENTRY ELEMENTS (KOHA)
Source of classification or shelving scheme
Koha item type Book
Holdings
Withdrawn status Lost status Source of classification or shelving scheme Damaged status Not for loan Permanent Location Current Location Date acquired Total Checkouts Total Renewals Full call number Barcode Checked out Date last seen Date last checked out Price effective from Koha item type
          Central Library (CL) Central Library (CL) 09/01/2021 2 1 923.6 RAU CL3036 10/19/2022 09/19/2022 09/19/2022 09/01/2021 Book
© 2023 Central Library, National University of Sciences and Technology. All Rights Reserved.